Notice sur les oeuvres pédagogiques de didactiques / (Record no. 151996)

MARC details
000 -LEADER
campo de control de longitud fija 00797nam a22002055i 4500
001 - NÚMERO DE CONTROL
campo de control 151996
003 - IDENTIFICADOR DE NÚMERO DE CONTROL
campo de control ES-MaACL
005 - FECHA Y HORA DE LA ÚLTIMA TRANSACCIÓN
campo de control 20250828004908.0
008 - DATOS DE LONGITUD FIJA--INFORMACIÓN GENERAL
campo de control de longitud fija 970717s1889 uy |||| | spa d
040 ## - FUENTE DE CATALOGACIÓN
Centro catalogador/agencia de origen CAM
Lengua de catalogación spa
Centro/agencia transcriptor CAM
100 1# - ENTRADA PRINCIPAL--NOMBRE DE PERSONA
Nombre de persona Berra, F. A.
9 (RLIN) 28368
245 10 - MENCIÓN DEL TÍTULO
Título Notice sur les oeuvres pédagogiques de didactiques /
Mención de responsabilidad, etc. exposées par ... F.A. Berra.
260 ## - PUBLICACIÓN, DISTRIBUCIÓN, ETC.
Lugar de publicación, distribución, etc. Montevideo :
Nombre del editor, distribuidor, etc. [s.n.],
Fecha de publicación, distribución, etc. 1889 (
Fabricante imprenta Elzeviriana de "La Tribuna Popular")
300 ## - DESCRIPCIÓN FÍSICA
Extensión 44 p. ;
Dimensiones 22 cm.
594 ## - Nota al título y mención de responsabilidad
Nota al título y mención de responsabilidad Precede al tit.: Exposition universelle de Paris, 1889.
650 07 - PUNTO DE ACCESO ADICIONAL DE MATERIA--TÉRMINO DE MATERIA
Término de materia o nombre geográfico como elemento de entrada Pedagogía
Fuente del encabezamiento o término embne
9 (RLIN) 15904
711 2# - ENTRADA AGREGADA--NOMBRE DE REUNIÓN
Nombre de congreso/reunión o jurisdicción como elemento de entrada Exposición Universal (
Fecha del congreso o de la firma del tratado 1889.
Sede del congreso/Lugar de la reunión París)
9 (RLIN) 135154
852 ## - LOCALIZACIÓN
Ubicación ES-MaACL
Número de control de estantería T-705-F-2
Nota libre -- Enc. hol., conservando la enc. original
-- -- Enc. en un vol. facticio
Holdings
Estatus retirado Estado de pérdida Estado de daño No para préstamo Colección Biblioteca de origen Biblioteca actual Ubicación en estantería Fecha de adquisición Total de préstamos Signatura topográfica completa Código de barras Visto por última vez Precio de reemplazo Tipo de ítem Koha
        Colección de folletos Biblioteca del Ateneo de Madrid Biblioteca del Ateneo de Madrid Depósito folletos 17/01/2008   T-705-F-2 1158655 23/02/2023 23/02/2023 Folleto